Normal view
MARC view
Entry Personal Name
001 - CONTROL NUMBER
- control field: 47166
003 - CONTROL NUMBER IDENTIFIER
- control field: dpl
005 - DATE AND TIME OF LATEST TRANSACTION
- control field: 20120516120023.0
008 - FIXED-LENGTH DATA ELEMENTS
- fixed length control field: 120516|||a|||||| | ||| d
040 ## - CATALOGING SOURCE
- Original cataloging agency: dpl
- Transcribing agency: dpl
100 ## - HEADING--PERSONAL NAME
- Personal name: Khan, J.A.
670 ## - SOURCE DATA FOUND
- Source citation: Work cat.: (dpl): Khan, J.A., Research methodology /, 2008
670 ## - SOURCE DATA FOUND
- Source citation: Work cat.: (dpl): Khan, J.A., Research methodology /, 2008
